000 00250nam a22001097a 4500
008 160511b xxu||||| |||| 00| 0 eng d
020 _a0735556563
041 _aeng
080 _a 003.2
245 _aLegal writing:
_cLinda H. Edwards;
942 _2udc
_cBK
999 _c2043
_d2043